| 000 | 00407 a2200109 4500 | ||
|---|---|---|---|
| 001 | ART_46444 | ||
| 005 | 20260410162006.0 | ||
| 008 | 260409a | ||
| 245 | 1 | 0 | _aAccesibilidad al derecho a la salud y al derecho a la alimentación en la niñez en casos con diagnóstico de desnutrición |
| 100 | 1 | _aDíaz, Ana I. | |
| 773 | 0 |
_tTemas de derecho civil _g- Año 4, N° 3 (mar. 2018) _wREV34778 |
|
| 999 |
_c31740 _d31740 |
||